000 00565nam a2200193Ia 4500
005 20250508162744.0
008 008 250505s9999 xx 000 0 eng d
020 _a81-85067-46-5
037 _aTextual
040 _aFEDL
_beng
_cFEDL
041 _aeng
_2eng
084 _a294.5, LAK
_qFEDL
100 _aLakshamma G.
245 0 _aImpact of Ramanuja's teaching on life and conditions in society
260 _aDelhi, India
_bSuperintendent Presidents Press
_c1990
300 _ax,252p
942 _cTEXL
_h294.5, LAK
999 _c1378515
_d1378515